| 000 | 01141cad a22002175a 4500 | ||
|---|---|---|---|
| 001 | E147209 | ||
| 008 | 090416e20090403xxk 000 0 eng d | ||
| 035 | _a(Sirsi) u147209 | ||
| 041 | 0 | _aeng | |
| 110 | 2 |
_aKnight Frank _91530 |
|
| 245 | 0 | 0 |
_aResidential development land values halve in 12 months, according to Knight Frank index _h[electronic publication] |
| 260 | _c2009 | ||
| 490 |
_aKnight Frank Press Release _v3 April 2009 |
||
| 520 | _aThe value of development land fell by 50% during 2008, with the largest falls in the 4th quarter of 2008 seen in London prime and super-prime, according to the Knight Frank Residential Development Land Index. The value of urban land in Yorkshire and Humberside saw the sharpest falls over the year, dropping by 64%. | ||
| 590 | _aKA | ||
| 650 | 2 | 4 | _aKNIGHT FRANK RESIDENTIAL DEVELOPMENT LAND INDEX |
| 651 | 4 |
_aUnited Kingdom _y |
|
| 690 | _aPROPERTY-RESIDENTIAL PROPERTY-RESIDENTIAL PROPERTY MARKET | ||
| 856 | 4 | 0 |
_uhttps://www.knightfrank.co.uk/press/Residential-development-land-values-halve-in-12-months.aspx _zView the news release free of charge at www.knightfrank.co.uk... |
| 942 | _n0 | ||
| 999 |
_c81432 _d81432 |
||